000 00343nam a2200145Ia 4500
008 230718s9999 xx 000 0 und d
041 _aEng.
082 _a343096
_bBRI-M
100 _aBrice, Geoffrey
245 0 _aMartime Law of Selvog
260 _aPakistan
_bCivil and Clinipal (om
_c1999
300 _a877
650 _aLaw
999 _c26585
_d26585